000 00676cam a22002293a 4500
001 16631
003 PGUSA
005 20140828083344.0
008 050901s2005||||xxu|||||s|||||000 1 eng d
040 _aPGUSA
_beng
042 _adc
050 4 _aPS
100 1 _aDay, Holman,
_d1865-1935
245 1 4 _aThe Skipper and the Skipped :
_bBeing the Shore Log of Cap'n Aaron Sproul
_h[electronic resource] /
_cHolman Day
260 _bProject Gutenberg,
_c2005
506 _aPublic domain in the USA.
516 _aElectronic text
653 _aShip captains -- Fiction
830 0 _aProject Gutenberg
_v16631
856 4 0 _uhttp://www.gutenberg.org/ebooks/16631
942 _cEB
999 _c245886
_d245886